Pays ayant gagné l'Eurovision - Mort subite - Statistiques

Statistiques générales
  • Ce quiz a été pris 110 fois
  • Le résultat moyen est 15 sur 24
Answers on the Grid
Answers color-coded by a green-red scale on the quiz's grid according to % correct below.
Italie
Azerbaidjan
Belgique
Lituanie
Espagne
Grèce
Chypre
Irlande
Finlande
Israël
Norvège
Lettonie
Bosnie
Georgie
France
Pays-Bas
Croatie
Islande
Autriche
Pologne
Monaco
Luxembourg
Slovénie
Andorre
Danemark
Suède
Allemagne
Hongrie
Estonie
Albanie
Portugal
Russie
Serbie
Australie
Suisse
Ukraine
 
Statistiques - réponses
Réponse % Correct
Italie
92%
France
83%
Espagne
76%
Israël
74%
Belgique
72%
Grèce
70%
Norvège
70%
Suède
68%
Finlande
67%
Pays-Bas
67%
Irlande
66%
Suisse
64%
Allemagne
63%
Luxembourg
63%
Autriche
61%
Ukraine
61%
Azerbaidjan
54%
Danemark
54%
Portugal
53%
Russie
50%
Monaco
39%
Serbie
33%
Estonie
32%
Lettonie
32%
Aucun quiz correspondant
Distribution des résultats
% des personnes avec chaque résultat
Percentile par nombre de réponses
Votre historique - résultats
Vous n’avez pas pris ce quiz